| 000 | 00603nam a2200181Ia 4500 | ||
|---|---|---|---|
| 005 | 20250923145301.0 | ||
| 008 | 008 250917s9999 xx 000 0 eng d | ||
| 037 | _aTextual | ||
| 040 |
_aDSWL _beng _cDSWL |
||
| 041 |
_aeng _2eng |
||
| 084 |
_aT4-4(Y5927).2361'N7t4, N74 _qDSWL |
||
| 100 |
_aGangrade, K.D. _9833675 |
||
| 245 | 0 |
_aEducational Problems of the Scheduled Castes in House (School Students) _cby K.D. Gangrade |
|
| 260 |
_aDelhi _bDelhi D.S.S.W. Delhi-7 _c1974 |
||
| 300 | _axii,159p. | ||
| 942 |
_cTEXL _hT4-4(Y5927).2361'N7t4, N74 |
||
| 999 |
_c1449464 _d1449464 |
||